| 000 | 00934cam a2200289 i 4500 | ||
|---|---|---|---|
| 005 | 20260322212056.0 | ||
| 008 | data | ||
| 010 | _a 73091772 //r892 | ||
| 020 | _a0877870063 | ||
| 020 | _a9780877870067 | ||
| 040 |
_aDLC _cDLC _dYUS |
||
| 049 | _aYU31 | ||
| 050 | 0 |
_aRC480.5 _b.M38 1975 |
|
| 096 | _aWM 420 M522s 1975 | ||
| 100 | 1 |
_aMendel, Werner M. _q(Werner Max), _d1927- |
|
| 245 | 1 | 0 |
_aSupportive care : _btheory and technique / _cWerner M. Mendel. |
| 250 | _a[2d ed.] | ||
| 260 |
_aLos Angeles : _bMara Books, _c[1975] |
||
| 300 |
_a252 p. ; _c24 cm. |
||
| 500 | _aFirst ed. published in 1967 under title: The therapeutic management of psychological illness. | ||
| 500 | _aIncludes index. | ||
| 504 | _aBibliography: p. 228-237. | ||
| 590 | _aIncludes index. | ||
| 650 | 0 | _aSupportive psychotherapy. | |
| 700 | 1 |
_aMendel, Werner M. _q(Werner Max), _d1927- _tTherapeutic management of psychological illness. |
|
| 001 | data | ||
| 999 |
_c1328 _d1328 |
||